Normal view MARC view

Entry Personal Name

Number of records used in: 2

001 - CONTROL NUMBER

  • control field: 168200

003 - CONTROL NUMBER IDENTIFIER

  • control field: OSt

005 - DATE AND TIME OF LATEST TRANSACTION

  • control field: 20220923224705.0

008 - FIXED-LENGTH DATA ELEMENTS

  • fixed length control field: 220923|| aca||aabn | a|a d

040 ## - CATALOGING SOURCE

  • Original cataloging agency: OSt
  • Transcribing agency: OSt

100 ## - HEADING--PERSONAL NAME

  • Personal name: एन. आइ. नारायणन्

670 ## - SOURCE DATA FOUND

  • Source citation: Work cat.: (OSt)372984: एन. आइ. नारायणन्, हिन्दी और मलयालम के नाटकों का तुलनात्मक अध्ययन, 1972
Copyright @ Delhi University Library System